| 000 | 00917nam a2200289 a 4500 | ||
|---|---|---|---|
| 001 | 000112799 | ||
| 003 | CHAP | ||
| 005 | 20220329144322.0 | ||
| 008 | 161123s2010 mx o |s| 0|0|||spa|d | ||
| 010 | _a109260 | ||
| 011 | _a110232 | ||
| 020 | _a9786077607403 | ||
| 040 | _cCHAP | ||
| 090 | _aCD-469 | ||
| 245 | 0 | 0 |
_aPatrimonio natural de México : _h[Disco compacto] _bcien casos de éxito / _cCoordinadora Julia Carabias ...[et al.]. |
| 260 |
_aMéxico : _bCONABIO, _c2010 . |
||
| 300 |
_a1 CD ROM : _bil., fotografías ; _c4 3/4 plg. |
||
| 500 | _aContine un archivo en formato PDF | ||
| 590 |
_aE11695DGD _b10 _c20161123 _lUCH01 _h1630 |
||
| 590 |
_aE11695DGD _b10 _c20161124 _lUCH01 _h1024 |
||
| 650 | 1 | 4 |
_aBiodiversidad _xConservación. _912726 |
| 650 | 1 | 4 |
_aMedio ambiente _xConservación. _974068 |
| 650 | 1 | 4 |
_aVida silvestre _xConservación _zMéxico. _9119173 |
| 901 | _aBK | ||
| 942 | _cCD | ||
| 942 | _n0 | ||
| 999 |
_c109260 _d109260 |
||